Balanced scorecard and performance measurement system in an industrial company

Meranie a riadenie výkonov podniku. Metóda BSC. Strategické riadenie výkonov. Aplikácia systému merania výkonov.

Enregistré dans:
Détails bibliographiques
Auteur principal: Babič, Miroslav
Format: Chapitre de livre
Langue:anglais
Sujets:
Tags: Ajouter un tag
Pas de tags, Soyez le premier à ajouter un tag!

MARC

LEADER 00000naa$a2200000$$$4500
001 0149862
005 20240502072708.9
041 0 |a eng 
044 |a SK 
245 1 0 |a Balanced scorecard and performance measurement system in an industrial company  |c Miroslav Babič 
520 |a Meranie a riadenie výkonov podniku. Metóda BSC. Strategické riadenie výkonov. Aplikácia systému merania výkonov. 
610 2 0 |a metóda BSC 
610 2 0 |a riadenie výkonov 
610 2 0 |a meranie výkonnosti 
610 2 0 |a ukazovatele 
610 2 0 |a ukazovatele výkonnosti 
100 1 |a Babič, Miroslav